000 03115nam0a2200373 4500
001 RU\NLR\BIBL_A\021957520
005 20230710153810.0
010 _a978-5-6049622-5-1
_9500
021 _aRU
_bКН-П-23-030195
_9КН-П-23-2987
035 _a(NLR Aleph) 021957520
035 _a(RuMoRGB)011779578
090 _a12306391
_c12306391
100 _a20230606d2023 k y0rusy50 ca
101 0 _arus
102 _aRU
105 _aa|||z|||000zy
181 0 _ai
_baxxe
182 0 _an
200 1 _aСудебно-медицинская экспертиза: отдельные вопросы этиологии, танатогенеза и морфогенеза при смерти от общей гипотермии
_eсборник научных трудов
_fФГБОУ ВО "Санкт-Петербургский государственный педиатрический медицинский университет" Министерства здравоохранения Российской Федерации
_gпод общей редакцией доктора медицинских наук, профессора А. Ю. Чудакова
203 _aТекст
_bвизуальный
_cнепосредственный
210 _aСанкт-Петербург
_aСамара
_cСамарама
_d2023
215 _a92 с.
_cил.
_d21
320 _aБиблиогр. в конце ст.
330 _aСборник научных трудов посвящён актуальным вопросам этиологии, танатогенеза и морфогенеза при смерти от общей гипотермии, рассмотренным в целях расширения диагностические возможностей судебно-медицинской экспертизы. Может быть полезен для практикующих судебно-медицинских экспертов, следователей, прокуроров, адвокатов и судей при оценке соответствующих судебно- медицинских заключений, а также научных сотрудников, преподавателей, аспирантов, докторантов, курсантов, слушателей и студентов медицинских и юридических вузов, интересующихся данной проблематикой
606 1 _aСмерть от охлаждения
_jСборники
_xСудебно-медицинская экспертиза
_91639615
_3RU\NLR\AUTH\661023171
675 _a340.6(082)
_v4
686 1 _aР811.251я43
702 1 _aЧудаков
_bА. Ю.
_gАлександр Юрьевич
_4340
712 0 2 _4570
_aСанкт-Петербургский государственный педиатрический медицинский университет
_9373296
_3RU\NLR\AUTH\8810243741
942 _cBOOK
980 _aNB